準急通過駅 - Statistics

General Stats
  • This quiz has been taken 124 times
  • The average score is 74 of 185
Answer Stats
会社 駅名 % Correct
71%
牛田
68%
竹ノ塚
65%
大山
65%
小田急 東北沢
63%
鐘ヶ淵
61%
高津
61%
谷塚
60%
北池袋
60%
世田谷代田
60%
小菅
59%
獨協大学前
59%
東武 東向島
57%
堀切
57%
下板橋
57%
中板橋
57%
東武練馬
57%
東急 二子新地
57%
西枇杷島
57%
東長崎
56%
山王
56%
東枇杷島
56%
五反野
55%
下赤塚
55%
椎名町
55%
豪徳寺
55%
梅ヶ丘
54%
江古田
52%
練馬高野台
52%
宮崎台
52%
宮前平
52%
和泉多摩川
52%
梅島
51%
中井
51%
桜台
51%
梶が谷
51%
田奈
51%
新田
50%
ときわ台
50%
新井薬師前
50%
中村橋
50%
都立家政
49%
富士見台
49%
市が尾
49%
下小田井
49%
正雀
49%
蒲生
48%
西武 下落合
48%
江田
48%
藤が丘
48%
喜多見
48%
本笠寺
48%
阪急 中津
48%
沼袋
46%
中小田井
46%
野方
45%
岡崎公園前
45%
本星崎
45%
下井草
44%
井荻
44%
上井草
44%
呼続
44%
茶所
44%
徳重・名古屋芸大
44%
岐南
43%
加納
43%
名電赤坂
41%
富士松
41%
島氏永
41%
瓢箪山
41%
河内永和
41%
瓢簞山
41%
南海 今宮戎
41%
神崎川
41%
武庫之荘
41%
名鉄 小田渕
40%
名電山中
40%
新川橋
40%
妙興寺
40%
木曽川堤
40%
三国
40%
御油
39%
名電長沢
39%
左京山
39%
今伊勢
39%
石刀
39%
近鉄 米野
39%
黄金
39%
長瀬
39%
岸里玉出
39%
土居
39%
園田
39%
摂津市
39%
道徳
38%
近鉄八田
38%
今里
38%
京阪 野江
38%
崇禅寺
38%
相川
38%
総持寺
38%
富田
38%
一ツ木
37%
丸ノ内
37%
黒田
37%
新日鉄前
37%
矢田
37%
河内花園
37%
河堀口
37%
関目
37%
門真市
37%
加木屋中ノ池
35%
俊徳道
35%
八戸ノ里
35%
萩ノ茶屋
35%
森小路
35%
西宮北口
35%
神鉄 鵯越
35%
奥田
34%
豊田本町
34%
名和
34%
名鉄 高横須賀
34%
柴島
34%
宇頭
33%
大山寺
33%
柴田
33%
榎戸
33%
河内天美
33%
千林
33%
滝井
33%
烏森
32%
弥刀
32%
若江岩田
32%
今川
32%
針中野
32%
服部天神
32%
清水
30%
帝塚山
30%
西三荘
30%
古川橋
30%
大和田
30%
庄内
30%
西ノ口
29%
枚岡
29%
額田
29%
北田辺
29%
名鉄 多屋
28%
守山自衛隊前
28%
戸田
28%
法善寺
28%
安堂
28%
蒲池
27%
坂部
27%
半田口
27%
尼ヶ坂
27%
久宝寺口
27%
十条
27%
住吉東
27%
長浦
26%
八幡新田
26%
白沢
26%
植大
26%
恩智
26%
布忍
26%
粉浜
26%
住之江
26%
日長
24%
伏屋
24%
堅下
24%
上鳥羽口
24%
高見ノ里
24%
恵我ノ荘
24%
七道
24%
森下
23%
伏見
23%
高鷲
23%
我孫子前
23%
浅香山
23%
神鉄 丸山
23%
住吉大社
21%
七宝
16%
青塚
16%
藤浪
16%
沢ノ町
16%
No matching quizzes found
Score Distribution
Percent of People with Each Score
Percentile by Number Answered
Your Score History
You have not taken this quiz